| 000 | 00551nam a2200205 a 4500 | ||
|---|---|---|---|
| 001 | BRCA_7353 | ||
| 005 | 20190320205815.0 | ||
| 008 | 230213s1947----nyu#######---#000-0#eng-# | ||
| 041 | _aeng | ||
| 044 | _anyu | ||
| 050 | 4 |
_aN610 _b.G85 1947 |
|
| 245 | 1 | 0 | _aGuide to the Metropolitan Museum of Art. |
| 260 |
_aNueva York _bMetropolitan Museum of Art _c1947 |
||
| 300 | _a35 p. | ||
| 500 | _aQ18 | ||
| 610 | 2 | 4 |
_aMetropolitan Museum of Art (Nueva York) _97537 |
| 650 | 1 | 4 |
_aGalerĂas y museos _zEstados Unidos _97437 |
| 902 | _aGFM | ||
| 942 |
_2lcc _cB |
||
| 999 |
_c7029 _d7029 |
||